| 000 | 00801nam a2200337Ia 4500 | ||
|---|---|---|---|
| 001 | 21 | ||
| 008 | 191123s9999 xx 000 0 und d | ||
| 041 | _aeng | ||
| 041 | _afre | ||
| 041 | _aspa | ||
| 044 | _aag | ||
| 100 | _aPayro, Julio E., | ||
| 260 |
_aBuenos Aires : _bAcademia Nacional de Bellas Artes, _c1966. |
||
| 300 |
_a121 p. _bilustrado |
||
| 500 | _aLa biblioteca posee varios ejemplares. Contiene una autobiografia. | ||
| 650 | _aARGENTINA | ||
| 650 | _aBIGATTI, ALFREDO | ||
| 650 | _aPINTURA | ||
| 902 | _aM | ||
| 903 | _am | ||
| 904 | _am | ||
| 907 | _aimpreso | ||
| 911 | _ailustrado | ||
| 912 | _a1966 | ||
| 920 | _an. 6 | ||
| 942 | _cLIBRO | ||
| 999 |
_c21 _d21 |
||
| 490 | 0 | _aSerie de pintores y escultores argentinos | |
| 245 | 0 | _aBigatti. | |
| 550 | _ailustrado | ||